000
00281nam a2200121Ia 4500
008
190216s9999||||xx |||||||||||||| ||und||
100
_a
Aravindakshan V
245
0
_a
Treasure Island
260
_b
University Of Calicut
_c
1995
300
_a
136p
650
_a
English
942
_c
BK
999
_c
13855
_d
13855